00381 2200145 4500001002100000005001500021035002000036245006600056100001800122250001400140300001200154260003800166020002200204600000900226INLIS00000000000546120250228085601 a0010-02250004131 aFilsafat Ilmu & Perkembangannya di Indonesia /cDrs. Surajiyo0 aDrs. Surajiyo aCet. Ke-8 a170 hlm aJakarta :bPT. Bumi Aksara,c2015 a978-979-010-064-0 4aBuku